ბათუმის შოთა რუსთაველის სახელმწიფო უნივერსიტეტის ბიბლიოთეკა

რომის სამართალი (ბიბ.ჩანაწერი № 49371)

000 -LEADER
fixed length control field 00988nam a2200253Ia 4500
001 - CONTROL NUMBER
control field 16288
003 - CONTROL NUMBER IDENTIFIER
control field GE_BSU
008 - FIXED-LENGTH DATA ELEMENTS--GENERAL INFORMATION
fixed length control field 181216s||||||||xx |||||||||||||| ||und||
020 ## - INTERNATIONAL STANDARD BOOK NUMBER
International Standard Book Number ISBN 978-9941-10-798-6
040 ## - CATALOGING SOURCE
Transcribing agency GE_BSU
080 ## - UNIVERSAL DECIMAL CLASSIFICATION NUMBER
Universal Decimal Classification number 34(37)(075.8)
100 ## - MAIN ENTRY--PERSONAL NAME
Personal name გარიშვილი, მარინა, მარიამ ხოფერია
245 ## - TITLE STATEMENT
Title რომის სამართალი
245 ## - TITLE STATEMENT
Remainder of title სახელმძღვ.
260 ## - PUBLICATION, DISTRIBUTION, ETC.
Place of publication, distribution, etc. თბილისი
260 ## - PUBLICATION, DISTRIBUTION, ETC.
Name of publisher, distributor, etc. მერიდიანი
260 ## - PUBLICATION, DISTRIBUTION, ETC.
Date of publication, distribution, etc. 2013
300 ## - PHYSICAL DESCRIPTION
Extent 512 გვ. 20 სმ..
300 ## - PHYSICAL DESCRIPTION
Other physical details ბიბლიოგრ. ტექსტ. შენიშვნ. და გვ. 508-510.
653 ## - INDEX TERM--UNCONTROLLED
Uncontrolled term რომის სამართალი - სახელმძღვანელოები უმაღლესი სასწავლებლებისათვის;
653 ## - INDEX TERM--UNCONTROLLED
Uncontrolled term სამართალი
942 ## - ADDED ENTRY ELEMENTS (KOHA)
Koha item type წიგნი
ეგზემპლარები
Withdrawn status Lost status Damaged status Not for loan Date acquired Barcode Date last seen Price effective from Koha item type
        2018-12-17 40688-18ლ 2018-12-17 2018-12-17 წიგნი
        2018-12-17 40689-18ლ 2018-12-17 2018-12-17 წიგნი
        2018-12-17 40690-18ლ 2018-12-17 2018-12-17 წიგნი
        2018-12-17 40734-20ლ. 2018-12-17 2018-12-17 წიგნი
        2018-12-17 40735-20ლ. 2018-12-17 2018-12-17 წიგნი